| 000 | 00759nam a22001577a 4500 | ||
|---|---|---|---|
| 003 | OSt | ||
| 005 | 20160616153921.0 | ||
| 008 | 160616b xxu||||| |||| 00| 0 eng d | ||
| 040 | _cRUA | ||
| 082 | _aAGR HEM 2014 B475 Or.1 | ||
| 100 |
_98437 _aHEM CHANSOPHEAK; ហែម ច័ន្ទសុភ័ក្រ្ត |
||
| 245 | _aEffect of number of time irrigating urea on amaranthus gracilis yield in sandy loam soil condition; ឥទ្ធិពលនៃចំនួនដងស្រោចស្រពជីអ៊ុចរ៉េលើទិន្នផលដំណាំផ្ទីរសក្រោមលក្ខខណ្ឌដីល្បាយខ្សាច់ | ||
| 260 |
_aPhnom Penh _bRUA _c2014 |
||
| 300 |
_axi;53p. _bill. _c29cm. |
||
| 942 |
_2ddc _cAGR |
||
| 999 |
_c8082 _d8082 |
||